00703nam a22002057a 450000500170000001000260001702000260004303500140006903500140008303700130009708200130011010000260012324500840014925000060023326000570023927001050029630000320040170000310043370000330046420240212124809.0 aENG-139194 ENG-139184 c550.00a9789390168132 aEN-122726 aEN-122716 bDBAD/PUB a512.525 aFriedberg, Stephen H  aLinear Algebra/cBy Stephen H Friedberg; Arnold J.Insel and Lawrence E. Spence a5 aUttar PradeshbPearson India Education Pvt Ltdc2022 bUttar Pradesha15th FLoor, Tower-B, World Trade Tower, Plot No.1, Block- C, Sector-16, Noidae201301 axiii,594p.c25cm(pb)bIndex aInsel , Arnold J. eAuthor aSpence, Lawrence E. eAuthor